000 01176cam a2200229 4500
001 WB4025-13
008 040701n2004 000 0 eng u
035 _a(Sirsi) u126666
245 _aHouse price growth slows in June
260 _c2004
490 _aNationwide Press Release
_v29 June 2004 (15)
520 _aAccording to the latest "Nationwide monthly review" the growth in house prices has eased off during June, with the average price increasing by 0.9% to £151524. House price growth across the country is now more even - the pick up in London partly reflects an improving jobs market. At the top end of the price growth table are northern England and Wales with prices in both regions increasing by a third over the last 12 months. The forecast for house price inflation in the 12 months to December 2004 remains at 15%. http://www.nationwide.co.uk/hpi/quarterly/quarterl y.htm
590 _aWB
590 _aWB
650 _aNATIONWIDE BUILDING SOCIETY
650 _aHOUSE PRICE SURVEYS
650 _aHOUSING MARKET FORECASTS
650 _aHOUSING MARKET SURVEYS
650 _aHOUSE PRICE INFLATION
690 _aHOUSING-HOUSE PRICES
942 _n0
999 _c117633
_d117633